載入...
Netware:suppliments
| 格式: | Printed Book |
|---|---|
| 出版: |
USA
Novell incorporated
1990
|
| 主題: |
| LEADER | 00514nam a22001577a 4500 | ||
|---|---|---|---|
| 003 | OSt | ||
| 999 | |c 193550 |d 193550 | ||
| 082 | |a 004.6 |b NOV/NE | ||
| 245 | |a Netware:suppliments | ||
| 260 | |a USA |b Novell incorporated |c 1990 | ||
| 300 | |a vi,541 | ||
| 546 | |a English | ||
| 650 | |a Ethernet boards | ||
| 650 | |a installing and configuring NE3200 | ||
| 942 | |2 ddc |c BK | ||
| 952 | |0 0 |1 0 |2 ddc |4 0 |6 004_600000000000000_NOV_NE |7 0 |8 Gen |9 200151 |a KAUCLV |b KAUCLV |c REPORTS |d 2019-10-18 |o 004.6 NOV/NE |p 810768 |r 2019-10-18 |y BK |z Transferred from CeG, KAU | ||